<?xml version="1.0" encoding="UTF-8"?>
<collection xmlns="http://www.loc.gov/MARC21/slim">
 <record>
  <leader>06203nam a2200481 a 4500</leader>
  <controlfield tag="001">kal2197</controlfield>
  <controlfield tag="003">Gr-AtHEAL</controlfield>
  <controlfield tag="005">20160427060229.0</controlfield>
  <controlfield tag="006">m        d        </controlfield>
  <controlfield tag="008">160413s2015    gr      s           gre|c</controlfield>
  <datafield tag="020" ind1=" " ind2=" ">
   <subfield code="a">9789606032363</subfield>
  </datafield>
  <datafield tag="040" ind1=" " ind2=" ">
   <subfield code="a">GR-AtHEAL</subfield>
   <subfield code="b">gre</subfield>
   <subfield code="c">GR-AtHEAL</subfield>
  </datafield>
  <datafield tag="082" ind1="0" ind2="4">
   <subfield code="a">889.3</subfield>
   <subfield code="2">23</subfield>
  </datafield>
  <datafield tag="100" ind1="1" ind2=" ">
   <subfield code="a">Νάτσινα, Αναστασία.</subfield>
   <subfield code="8">1866</subfield>
  </datafield>
  <datafield tag="245" ind1="1" ind2="2">
   <subfield code="a">Η πεζογραφία στη μακρά δεκαετία του 1960 </subfield>
   <subfield code="h">[Ηλεκτρονικός πόρος] </subfield>
   <subfield code="c">Νάτσινα, Αναστασία ; κ.α. ; Κριτικός αναγνώστης,Σταυροπούλου, Ερασμία-Λουίζα ; Τεχνική επιμέλεια,Κοκολάκης, Αντώνιος ; Γλωσσική επιμέλεια,Αποστολή, Περσία.</subfield>
  </datafield>
  <datafield tag="260" ind1=" " ind2=" ">
   <subfield code="a">Αθήνα :</subfield>
   <subfield code="b">Σύνδεσμος Ελληνικών Ακαδημαϊκών Βιβλιοθηκών,</subfield>
   <subfield code="c">c2015.</subfield>
  </datafield>
  <datafield tag="490" ind1=" " ind2=" ">
   <subfield code="a">Ακαδημαϊκά Ηλεκτρονικά Συγγράμματα και Βοηθήματα Κάλλιπος</subfield>
   <subfield code="8">40</subfield>
  </datafield>
  <datafield tag="520" ind1=" " ind2=" ">
   <subfield code="a">Το σύγγραμμα στοχεύει στην παρουσίαση των βασικών θεμάτων, τεχνοτροπικών αναζητήσεων και πνευματικών τάσεων που αποτυπώνονται στην πεζογραφική παραγωγή της λεγόμενης &quot;μακράς&quot; δεκαετίας του 1960. Μετά το μούδιασμα, κοινωνικό και λογοτεχνικό, των πρώτων χρόνων μετά τον Εμφύλιο, από τα τέλη της δεκαετίας του ’50 αρχίζει να εκδηλώνεται μια τάση κοινωνικής και πολιτικής φιλελευθεροποίησης που συνοδεύεται από την άνθιση της λογοτεχνικής παραγωγής. Αυτή τεκμηριώνεται και από την έκδοση σημαντικών περιοδικών όπως η Κριτική, το Πάλι, οι Εποχές και εξακολουθεί, εφευρετική, με εκδόσεις όπως τα Δεκαοχτώ κείμενα και τα Νέα Κείμενα 1 και 2 και στα χρόνια της δικτατορίας. Τα χρονικά όρια 1958-1974, αν και συμβατικά, ορίζουν ένα αίτημα ελευθερίας και ανανέωσης που ξεκινά από την άνοδο της αριστεράς (ΕΔΑ) στη θέση της αξιωματικής αντιπολίτευσης το 1958 και φτάνει μέχρι την ευόδωσή του κατά την πτώση της χούντας το 1974 (βλ. Κ. Τσουκαλάς, &quot;Σύντομη ή μακρά&quot;, Το Βήμα 7 /4/ 14). Θα χαρτογραφήσουμε την περίοδο τόσο από την άποψη των θεμάτων που κυριαρχούν στην πεζογραφία (ο άνθρωπος απέναντι στην ιστορία, μια νέα προτεραιότητα του ατομικού έναντι του συλλογικού, ανάδυση νέων ταυτοτήτων, έμφαση στο καθημερινό και το περιθωριακό, κριτική των θεσμών, του μηχανικού πολιτισμού, του καταναλωτισμού και του μικροαστισμού), όσο και από την άποψη των τεχνοτροπικών τάσεων και των ειδών (μοντερνισμός, εξπρεσιονισμός, παράλογο, αλληγορία, νέος ρεαλισμός). Χωρίζοντας τη μελέτη σε δύο μέρη, θα παρακολουθήσουμε πώς αναπτύσσονται οι τάσεις αυτές σε συνθήκες δημοκρατίας αλλά και πώς τροποποιούνται κάτω από το δικτατορικό καθεστώς, εστιάζοντας σε επιλεγμένα έργα. Συγγραφείς που θα συζητηθούν, μεταξύ άλλων: Αλεξάνδρου, Βαλτινός, Βασιλικός, Γκρίτση-Μιλλιέξ, Γονατάς, Ιωάννου, Καχτίτσης, Κοτζιάς, Κουμανταρέας, Μπακόλας, Πλασκοβίτης, Ρένος, Σαμαράκης, Ταχτσής, Τσίρκας, Φραγκιάς, Χάκκας, Χατζής, Χειμωνάς.</subfield>
  </datafield>
  <datafield tag="650" ind1=" " ind2="0">
   <subfield code="a">Greek prose literature, modern</subfield>
   <subfield code="8">2587</subfield>
  </datafield>
  <datafield tag="653" ind1=" " ind2=" ">
   <subfield code="a">Λογοκρισία</subfield>
  </datafield>
  <datafield tag="653" ind1=" " ind2=" ">
   <subfield code="a">Αλληγορία</subfield>
  </datafield>
  <datafield tag="653" ind1=" " ind2=" ">
   <subfield code="a">Δεκαετία του 1960</subfield>
  </datafield>
  <datafield tag="653" ind1=" " ind2=" ">
   <subfield code="a">Εξπρεσιονισμός</subfield>
  </datafield>
  <datafield tag="653" ind1=" " ind2=" ">
   <subfield code="a">Δικτατορία</subfield>
  </datafield>
  <datafield tag="653" ind1=" " ind2=" ">
   <subfield code="a">Φιλελευθεροποίηση</subfield>
  </datafield>
  <datafield tag="653" ind1=" " ind2=" ">
   <subfield code="a">Παράλογο</subfield>
  </datafield>
  <datafield tag="653" ind1=" " ind2=" ">
   <subfield code="a">Μοντερνισμός</subfield>
  </datafield>
  <datafield tag="653" ind1=" " ind2=" ">
   <subfield code="a">Υπαρξισμός</subfield>
  </datafield>
  <datafield tag="653" ind1=" " ind2=" ">
   <subfield code="a">Νεότερη</subfield>
  </datafield>
  <datafield tag="653" ind1=" " ind2=" ">
   <subfield code="a">Πεζογραφία</subfield>
  </datafield>
  <datafield tag="653" ind1=" " ind2=" ">
   <subfield code="a">Τέχνες και γράμματα</subfield>
   <subfield code="a">Φιλολογία</subfield>
   <subfield code="a">Λογοτεχνικές μορφές και λογοτεχνικά είδη</subfield>
   <subfield code="a">Πεζογραφία</subfield>
  </datafield>
  <datafield tag="653" ind1=" " ind2=" ">
   <subfield code="a">Τέχνες και γράμματα</subfield>
   <subfield code="a">Φιλολογία</subfield>
   <subfield code="a">Λογοτεχνία</subfield>
  </datafield>
  <datafield tag="653" ind1=" " ind2=" ">
   <subfield code="a">Τέχνες και γράμματα</subfield>
   <subfield code="a">Φιλολογία</subfield>
  </datafield>
  <datafield tag="653" ind1=" " ind2=" ">
   <subfield code="a">Τέχνες και γράμματα</subfield>
   <subfield code="a">Φιλολογία</subfield>
   <subfield code="a">Νεοελληνική φιλολογία</subfield>
  </datafield>
  <datafield tag="700" ind1="1" ind2=" ">
   <subfield code="a">Καστρινάκη, Αγγέλα,</subfield>
   <subfield code="d">1961-,</subfield>
   <subfield code="e">Συγγραφέας</subfield>
   <subfield code="8">1874</subfield>
  </datafield>
  <datafield tag="700" ind1="1" ind2=" ">
   <subfield code="a">Δημητρακάκης, Ιώαννης</subfield>
   <subfield code="e">Συγγραφέας</subfield>
   <subfield code="8">1875</subfield>
  </datafield>
  <datafield tag="700" ind1="1" ind2=" ">
   <subfield code="a">Δασκαλά, Ευαγγελία</subfield>
   <subfield code="e">Συγγραφέας</subfield>
   <subfield code="8">1876</subfield>
  </datafield>
  <datafield tag="700" ind1="1" ind2=" ">
   <subfield code="a">Σταυροπούλου, Ερασμία-Λουίζα</subfield>
   <subfield code="e">Κριτικός αναγνώστης</subfield>
   <subfield code="8">1871</subfield>
  </datafield>
  <datafield tag="856" ind1="4" ind2="0">
   <subfield code="u">http://hdl.handle.net/11419/2197</subfield>
   <subfield code="z">Πλήρες Κείμενο - Full text</subfield>
  </datafield>
  <datafield tag="907" ind1=" " ind2=" ">
   <subfield code="a">.b2567772x</subfield>
   <subfield code="b">12-06-18</subfield>
   <subfield code="c">29-07-16</subfield>
  </datafield>
  <datafield tag="949" ind1=" " ind2=" ">
   <subfield code="0">0</subfield>
   <subfield code="1">0</subfield>
   <subfield code="2">ddc</subfield>
   <subfield code="4">0</subfield>
   <subfield code="6">889_300000000000000_ΝΑΤ</subfield>
   <subfield code="7">0</subfield>
   <subfield code="8">KALL</subfield>
   <subfield code="8">530</subfield>
   <subfield code="d">2016-04-13</subfield>
   <subfield code="r">2016-04-13</subfield>
   <subfield code="w">2016-04-13</subfield>
   <subfield code="z">889.3 ΝΑΤ</subfield>
   <subfield code="o">SEAB KALLIPOS</subfield>
  </datafield>
  <datafield tag="998" ind1=" " ind2=" ">
   <subfield code="a">80</subfield>
   <subfield code="a">01</subfield>
   <subfield code="a">02</subfield>
   <subfield code="a">03</subfield>
   <subfield code="a">04</subfield>
   <subfield code="a">05</subfield>
   <subfield code="a">06</subfield>
   <subfield code="a">07</subfield>
   <subfield code="a">08</subfield>
   <subfield code="a">09</subfield>
   <subfield code="a">10</subfield>
   <subfield code="a">11</subfield>
   <subfield code="a">12</subfield>
   <subfield code="a">13</subfield>
   <subfield code="a">14</subfield>
   <subfield code="a">15</subfield>
   <subfield code="a">16</subfield>
   <subfield code="a">17</subfield>
   <subfield code="a">19</subfield>
   <subfield code="a">18</subfield>
   <subfield code="a">20</subfield>
   <subfield code="a">21</subfield>
   <subfield code="a">22</subfield>
   <subfield code="a">23</subfield>
   <subfield code="a">24</subfield>
   <subfield code="a">25</subfield>
   <subfield code="a">26</subfield>
   <subfield code="b">10-05-17</subfield>
   <subfield code="c">m</subfield>
   <subfield code="d">z  </subfield>
   <subfield code="e">-</subfield>
   <subfield code="f">gre</subfield>
   <subfield code="g">gr </subfield>
   <subfield code="h">2</subfield>
  </datafield>
  <datafield tag="942" ind1=" " ind2=" ">
   <subfield code="2">ddc</subfield>
   <subfield code="c">KALLIPOS</subfield>
  </datafield>
 </record>
</collection>
